000 00676nam a22002297a 4500
005 20170124110252.0
010 _aB-030296
020 _c45.00
_a812372456
035 _aB-030296
037 _bCen Lib/Ret
040 _aDPL
_bEN
082 _aS
_bNOT
245 _aNot just milk and honey :
_cedited by Haya Hoffman
_ban anthrology of Hebrew short stories /
246 _b
260 _aNew Delhi
_bNational Book Trust
_c2000
270 _bNew Delhi
_aA-5, Green park
_e110016
300 _axvi, 226p.
_c21cm(Hb)
650 _aLiterature -- Fiction
_999799
650 _aEnglish stories
_926733
700 _aHoffman, Haya
_999800
942 _2ddc
_cEN
_hS
_mNOT
999 _c135947
_d135947